000 00675nam a22002057a 4500
999 _c20057
_d20057
003 AR-CdUCM
008 190525b ||||| |||| 00| 0 spa d
040 _aMUNICIPALIDAD PROVINCIAL DEL CUSCO
_cBIBLIOTECA MUNICIPAL DEL CUSCO
082 _a869.4 /
_bM77
100 _aMontecinos Avendaño, Filiberto
_941966
245 _aDe la pobreza al éxito /
260 _aBolivia :
_bMejia,
_c1991.
300 _a216 páginas ;
_bFotografías,
_c23 cm.
505 _aContenido: Enigma de la mañana -- Niñez de ascencio -- Vida cotidiana...
650 _aBolivia
_91138
650 _aPoemas
_9929
650 _aAscencio
_941967
942 _2ddc
_cLIBROS
945 _adavv
_d2019-05-25